000 00948nam a22002297a 4500
005 20140430094316.0
008 140430s2012 ck ado gr|||| 00| 0 spa d
020 _a9789588323411
041 0 _aspa
044 _ack
082 0 4 _a631.4
_bI24e
110 2 _aInstituto Geográfico Agustín Codazzi
_923885
245 1 0 _aEstudio semidetallado de suelos y zonificación de tierras en la media y baja Guajira
_bescala 1:25.000
_cInstituto Geográfico Agustín Codazzi
260 3 _aBogotá
_bImprenta Nacional de Colombia
_c2012
300 _a832 p.
_bil., fot., tablas, gráficas
_c28 cm
_e+ 1 CD-ROM; CID 034757
504 _aIncluye bibliografía (páginas 815 - 818)
650 4 _aSuelos
_x Clasificación
_z La Guajira (Colombia)
_923886
650 4 _aUso de la tierra
_z La Guajira (Colombia)
_923887
650 4 _aClimatología
_z La Guajira (Colombia)
_923888
650 4 _aQuímica de suelos
_z La Guajira (Colombia)
_923889
942 _2ddc
_cImpreso
999 _c8415
_d8415